| 000 | 01383nac a22003731i 4500 | ||
|---|---|---|---|
| 003 | EG-ScBUE | ||
| 005 | 20250702083430.0 | ||
| 008 | 250625t2003 maua f bd 001 0 eng d | ||
| 020 | _a0071151281 | ||
| 020 | _a97800715151283 | ||
| 040 |
_aEG-ScBUE _beng _erda _cEG-ScBUE _dEG-ScBUE |
||
| 082 | 0 | 4 |
_a540 _bCHE _222 |
| 245 | 0 | 0 |
_aChemistry in context : _bapplying chemistry to society / _cConrad L. Stanitski, University of Central Arkansas, [and three others] |
| 250 | _aFourth edition. | ||
| 250 | _aInternational edition. | ||
| 264 | 1 |
_aBoston : _bMcGraw-Hill, _c[2003] |
|
| 264 | 4 | _cc2003 | |
| 300 |
_axxiv, 568 pages : _billustrations (some color) ; _c28 cm |
||
| 336 |
_2rdacontent _atext _btxt |
||
| 337 |
_aunmediated _2rdamedia _bn |
||
| 338 |
_avolume _bnc _2rdacarrier |
||
| 500 | _a"A project of the American Chemical Society." | ||
| 500 | _aIncludes Appendices. | ||
| 500 | _aIncludes glossary. | ||
| 504 | _aIncludes bibliographical references and index. | ||
| 650 | 7 |
_aBiochemistry. _2BUEsh |
|
| 650 | 7 |
_aEnvironmental chemistry. _2BUEsh |
|
| 650 | 7 |
_aGeochemistry. _2BUEsh |
|
| 655 | _vReading book | ||
| 700 | 1 |
_aStanitski, Conrad L., _eauthor. |
|
| 856 | 4 | 1 |
_3Table of contents _uhttp://www.loc.gov/catdir/toc/mh031/2002067087.html |
| 856 | 4 | 1 |
_3Publisher description _uhttp://www.loc.gov/catdir/description/mh031/2002067087.html |
| 942 |
_cBB _2ddc |
||
| 999 |
_c2656 _d2656 |
||